| 000 | 00787cac a22002051u 4500 | ||
|---|---|---|---|
| 090 | _c4655 | ||
| 008 | 081204t 2003xxu||||| |||| 00| 0 eng d | ||
| 010 | _a 00551915 | ||
| 020 | _a0471203661 (alk. paper) | ||
| 082 | 0 | 0 |
_a650.072 _bSEK |
| 100 |
_aSekaran, Uma. _91466 |
||
| 245 | 1 | 0 |
_aResearch methods for business : _ba skill-building approach / _cUma Sekaran. |
| 250 | _a4th ed. | ||
| 260 |
_aNew York : _bJ. Wiley, _cc2003. |
||
| 300 |
_axiv, 450 p. : _bill. ; _c25 cm. |
||
| 504 | _aIncludes bibliographical references (p. 426-431) and index. | ||
| 856 | 4 |
_3Table of Contents only _uhttp://www.loc.gov/catdir/toc/onix03/00551915.html |
|
| 856 | 4 |
_3Publisher description _uhttp://www.loc.gov/catdir/enhancements/fy0611/00551915-d.html |
|
| 942 |
_cBB _k650.072SEK _2ddc |
||
| 999 |
_c4655 _d4655 |
||